| 000 | 02240cam a22004574i 4500 | ||
|---|---|---|---|
| 003 | PE-LiUPU | ||
| 005 | 20250731172708.0 | ||
| 008 | 150617s r 000 0 d | ||
| 035 | _a(Sirsi) a10397 | ||
| 040 |
_aPE-LiUPU _bspa _cPE-LiUPU _erda |
||
| 049 | _aPRUA | ||
| 082 | 0 | 4 |
_a232 _bM26 _221 |
| 100 | 1 |
_aPablo _bVI, _eautor. |
|
| 245 | 1 | 0 |
_aCristo, vida del hombre de hoy / _c[Textos escogidos y adaptados por D. Virgilio Levi ; Traducción por D. Francisco Javier Osset Merle] . |
| 264 | 1 |
_aParís : _bLibraire Artheme Fayard, _c1968. |
|
| 300 |
_a315 páginas ; _c22 cm. |
||
| 336 |
_atext _2rdacontent |
||
| 337 |
_aunmediated _2rdamedia |
||
| 338 |
_avolume _2rdacarrier |
||
| 490 | 0 | _aCentro de estudios universitarios | |
| 505 | 0 | _aLa inmaculada, una figura humana perfecta -- La grandeza de su humildad -- Significado de la anunciación -- Una gran llamada -- Navidad y salvación -- Navidad y pobreza -- Navidad y trabajo humano -- La epifanía y nuestra fe en Cristo -- Cristo, luz que ilumina al mundo -- La lección de Nazaret -- La tentación -- Las bienaventuranzas -- Las primeras oposiciones -- El pan de vida -- La transfiguración sobre el monte -- Cristo rechazado -- Domingo de ramos -- El don del sacerdocio -- El memorial de la muerte del señor -- Tomad y comed -- Como nosviene a encontrar -- Cómo encontrarlo -- El está con nosotros -- Vínculo de caridad y signo de unidad -- Pan celeste y vida social -- El sufrimiento en Cristo -- Su victoria es nuestra victoria -- Conocer al Espiritu Santo. | |
| 526 | _aSEG42 | ||
| 526 | _aSEG41 | ||
| 526 | _aSEG40 | ||
| 526 | _aSEG39 | ||
| 526 | _aP94 | ||
| 526 | _aP87 | ||
| 526 | _aP86 | ||
| 526 | _aP85 | ||
| 526 | _aP77 | ||
| 526 | _aP76 | ||
| 526 | _aP35 | ||
| 600 | 1 | _aJesucristo | |
| 910 |
_ajck _bjvq _cjck _d20150616 |
||
| 942 |
_2ddc _cBOOK |
||
| 949 |
_a232 M26 _wDEWEY _c1 _i12688 _lCCODEBUL1 _mBUL _p00.00 _r0 _sY _tBOOK _u19750528 _xTEOLOGIA _PP35 _0COMPRA _o.STAFF. Colección General |
||
| 994 |
_aC0 _bPEPRU |
||
| 596 | _a1 | ||
| 999 |
_a232 M26 _wDEWEY _c439 _i12688 _f2021-11-11 _g5 _lCCODEBUL1 _mBUL _r0 _sY _tBOOK _u2015-6-17 _xTEOLOGIA _PP35 _0COMPRA _o.STAFF. Colección General _d439 |
||
| 980 |
_81 _gALBERTO SANCHEZ Responsable de Automatización |
||